000 00723nam a22002177a 4500
005 20140909155245.0
010 _aENG-110776
020 _a9788183876551
_c995.00
035 _aEN-94308
037 _bDBAD/PUB
082 _a305.42095484
100 _aVanajamma, K.H.
245 _aSocio-economic dimensions of rural women /
_cby K.H. Vanajmma , G.Raju [and] G. Sathyanarayana
260 _aNew Delhi
_bSerials Publications
_c2014
270 _a4830/24, Prahlad Street, Ansari Road, Darya Ganj
_bNew Delhi
_e110002
300 _aviii,219p.
_c22cm(Hb)
500 _aIncludes bibliographical references
700 _aRaju, G.
700 _aSathyanarayana, G.
942 _2ddc
_cEN
_h305.42095484
_mVAN
999 _c88401
_d88401